| 000 | 00675nas a2200229 4500 | ||
|---|---|---|---|
| 001 | BR9510737 | ||
| 003 | BR-BrBNA | ||
| 005 | 20231205095549.0 | ||
| 007 | ta | ||
| 008 | 230509b bl.|||p| |||| 00| 00por d | ||
| 040 |
_aBR-BrBNA _bpor _cBiblioteca Nacional de Agricultura |
||
| 041 | _a(Pt) | ||
| 072 | _aP33 | ||
| 100 | 1 | _aChitolina, J.C. | |
| 245 | 1 | _aTermodinamica de troca de cations em solos e argilas; 1: teoria | |
| 650 | _aAnalise do Solo | ||
| 650 | _aCation | ||
| 650 | _aArgila | ||
| 773 | 0 |
_tRevista de Agricultura (Brazil) _xISSN 0034-7655 _g(Sep 1995), v. 70(2) p. 145-161 _wBR9510737 |
|
| 909 |
_a202311 _bLúcia _c55 _dLúcia Elande |
||
| 942 |
_2AGRIS _n0 _cANA |
||
| 999 |
_c151384 _d151384 |
||